Click the first Wings of Fire character - Statistics

General Stats
  • This quiz has been taken 55 times
  • The average score is 17 of 20
Answer Stats
Hint Answer % Correct
First Nightwing to have mind reading powers since the Nightwings left their old kingdom to live close to the volcano Moonwatcher
100%
First prophecy dragonet to reveal his love Starflight
97%
First dragon that hatched from Queen Oasis Burn
94%
First dragon to touch Peril without dying or getting injured Clay
94%
First Hivewing dragon Blue meets that is immune to Queen Wasp's mind-control Cricket
94%
First dragon Tsunami and Clay meet right after leaving their cave Scarlet
94%
First other Seawing dragon Tsunami meets in her life Webs
94%
First Nightwing dragon to be an animus Darkstalker
91%
First Pyrrhian dragon to go to Pantala Clearsight
88%
First (and only) dragon to make the spell that trapped Darkstalker in Agate mountain Fathom
85%
First dragon to rule a tribe that is not of her own on Pyrrhia Glory
85%
First Pantalan dragon to go to Pyrrhia Luna
85%
First Seawing dragon to become queen after the Seawing Massacre Pearl
85%
First Leafwing dragonet Blue meets Sundew
85%
First (and only) dragon that Anemone put a love spell on Kinkajou
82%
First dragon to die in the Seawing Massacre Lagoon
82%
First dragon to become the Icewing queen after Glacier died Snowfall
82%
First dragon to help Blue escape after Luna showed her flamesilk during her metamorphosis Io
76%
First Silkwing Blue meets after entering the Flamesilk prison Admiral
70%
First Pantalan dragon that was in a couple with a Pyrrhian dragon Sunstreak
67%
No matching quizzes found
Score Distribution
Percent of People with Each Score
Percentile by Number Answered
Your Score History
You have not taken this quiz